Statistics for NBA Players Who: Shot 45% from 3

Click here to take the quiz!

General Stats

  • This quiz has been taken 11 times
    (1 since last reset)
  • The average score is 17 of 85

Answer Stats

Year 3PT% Player % Correct
201645.4%Stephen Curry
100%
199947.6%Dell Curry
100%
202045.3%J.J. Redick
100%
201245.3%Ray Allen
100%
201945.0%Seth Curry
100%
200145.9%Shammond Williams
100%
201745.1%Kyle Korver
100%
201445.9%Mike Miller
100%
199747.0%Glen Rice
0%
199846.4%Dale Ellis
0%
199946.5%Chris Mullin
0%
202046.0%George Hill
0%
200047.8%Jeff Hornacek
0%
199652.2%Tim Legler
0%
200146.2%John Stockton
0%
200245.2%Hubert Davis
0%
199746.4%Steve Kerr
0%
199551.4%Detlef Schrempf
0%
199647.3%B.J. Armstrong
0%
199646.2%Brent Price
0%
200246.6%Eric Piatkowski
0%
199546.4%Dana Barros
0%
199445.9%Tracy Murray
0%
199146.1%Jim Les
0%
199048.1%Craig Hodges
0%
199046.0%Drazen Petrovic
0%
198952.2%Jon Sundvold
0%
198848.6%Mark Price
0%
198748.1%Kiki Vandeweghe
0%
200245.6%Wally Szczerbiak
0%
200448.2%Anthony Peeler
0%
200246.9%Jon Barry
0%
201145.7%Matt Bonner
0%
202045.2%Seth Curry
0%
201947.4%Joe Harris
0%
201945.5%Danny Green
0%
201846.8%Darren Collison
0%
201445.1%Anthony Morrow
0%
201346.1%Jose Calderon
0%
201247.2%Steve Novak
0%
201245.5%Ersan Ilyasova
0%
201245.2%Brandon Rush
0%
201047.6%Daniel Gibson
0%
200247.1%Steve Smith
0%
201045.8%Jared Dudley
0%
200945.3%Jameer Nelson
0%
200945.0%Troy Murphy
0%
200848.3%Jason Kapono
0%
200847.0%Steve Nash
0%
200645.8%Richard Hamilton
0%
200645.7%Tyronn Lue
0%
200548.3%Fred Hoiberg
0%
200547.8%Joe Johnson
0%
200445.2%Brent Barry
0%
198645.1%Trent Tucker
0%

Score Distribution

Percentile by Number Answered

Percent of People with Each Score

Your Score History

You have not taken this quiz since the last reset